000
00261nam a2200097Ia 4500
001
1164589
005
20250827011724.0
008
250824s9999 xx 000 0 und d
245
0
_a
SEN YOLA ÇIK YOL SANA GÖRÜNÜR
_c
HAKAN MENĞÜÇ
260
_b
DESTEK YAYINLARI
999
_c
1164589
_d
1164589